000 00294nam a22001337a 4500
008 181012b xxu||||| |||| 00| 0 eng d
020 _a0517568926
041 _aeng
080 _a617
100 _a6
101 _aKIR
245 _aComplete Home Medical Guide
_cTapley, D.F
942 _2udc
_cBK
999 _c49524
_d49524